Discussion of Chinese Scholars on the Socialist Political Economics / (Record no. 532499)
[ view plain ]
| 000 -LEADER | |
|---|---|
| fixed length control field | 00404nam a22001457a 4500 |
| 003 - CONTROL NUMBER IDENTIFIER | |
| control field | NUST |
| 020 ## - INTERNATIONAL STANDARD BOOK NUMBER | |
| International Standard Book Number | 9781300246345 |
| Qualifying information | P/B. |
| 038 ## - RECORD CONTENT LICENSOR | |
| Staff Name | waseem |
| 082 ## - DEWEY DECIMAL CLASSIFICATION NUMBER | |
| Classification number | 337.51 |
| Author Mark | ZHA |
| 100 ## - MAIN ENTRY--PERSONAL NAME | |
| Personal name | Yu, Zhang |
| 9 (RLIN) | 26050 |
| 245 ## - TITLE STATEMENT | |
| Title | Discussion of Chinese Scholars on the Socialist Political Economics / |
| Statement of responsibility, etc. | Zhang Yu |
| 260 ## - PUBLICATION, DISTRIBUTION, ETC. | |
| Place of publication, distribution, etc. | Beijing : |
| Name of publisher, distributor, etc. | China Renmin University press, |
| Date of publication, distribution, etc. | 2018. |
| 300 ## - PHYSICAL DESCRIPTION | |
| Extent | 225 p. ; |
| 942 ## - ADDED ENTRY ELEMENTS (KOHA) | |
| Source of classification or shelving scheme | |
| Koha item type | Book |
| Withdrawn status | Lost status | Source of classification or shelving scheme | Damaged status | Not for loan | Permanent Location | Current Location | Shelving location | Date acquired | Source of acquisition | Total Checkouts | Full call number | Barcode | Date last seen | Price effective from | Koha item type |
|---|---|---|---|---|---|---|---|---|---|---|---|---|---|---|---|
| Central Library (CL) | Central Library (CL) | Chinese Studies | 11/22/2019 | Donation | 337.51 ZHA | CL-D-784 | 05/02/2025 | 11/22/2019 | Book | ||||||
| Central Library (CL) | Central Library (CL) | Chinese Studies | 11/22/2019 | Donation | 337.51 ZHA | CL-D-785 | 11/22/2019 | 11/22/2019 | Book |
